| 000 | 00865nam a22001817a 4500 | ||
|---|---|---|---|
| 003 | OSt | ||
| 005 | 20251212092047.0 | ||
| 008 | 251212b |||||||| |||| 00| 0 eng d | ||
| 040 | _cDCL | ||
| 082 | _a၂၉၄.၃၈၂ | ||
| 100 | 0 |
_aသာသနဝရ၊ _cဘဒ္ဒန္တ- |
|
| 245 | 1 | 0 |
_aပိဋကတ်မြန်မာပြန်လမ်းညွှန် (သုတ္တန်အမည် အက္ခရာစဉ်) / _cဘဒ္ဒန္တသာသနဝရ။ |
| 264 |
_aရန်ကုန် ၊ _bကောင်းထွဋ်စာပေ၊ _c၂၀၁၆။ |
||
| 300 |
_aန၊ ၁၄၇၉ စာမျက်နှာ ၊ _c၂၇ စင်တီ။ |
||
| 650 | _aပိဋကသုံးပုံ | ||
| 650 |
_aပိဋကသုံးပုံ _vမြန်မာပြန်။ |
||
| 942 |
_2ddc _cSHORT TERM _n0 |
||
| 999 |
_c2691 _d2691 |
||